000 01501nam a2200445 c 4500
001 52936
003 ES-MaCES
005 20250203133308.0
008 231219s2023 sp 000 ||spa d
017 _aNA 422-2023
_bDL
020 _a9788411256087
040 _aES-MaCES
_bspa
_cES-MaCES
245 0 0 _aEconomía de la Unión Europea
_ccoords., Mariam Camarero, Cecilio Tamarit Escalona ; [autores], Álvaro Anchuelo Crego ... [et al.]
250 _a9ª ed
260 _aCizur Menor (Navarra)
_bCivitas-Aranzadi
_c2023
300 _a672 p.
_bgráf., mapas col.
_c24 cm
490 1 _aTratados y manuales de economía
504 _aBibliografía
541 _cCompra
650 4 _aeconomía
_926781
650 4 _arelaciones económicas
_926673
650 4 _aUE
_926752
650 4 _apolítica económica
_927025
650 4 _aintegración económica
_927962
650 4 _aunión aduanera
_928002
650 4 _aMercado Unico Europeo
_930652
650 4 _aUEM
_930760
650 4 _ahacienda pública
_928077
650 4 _apolítica fiscal
_928082
650 4 _apolítica comercial
_927949
650 4 _amanual
_929264
653 1 0 _aMercado Único Europeo
700 1 _98798
_aCamarero, Mariam
_ecoord.
700 1 _940840
_aTamarit Escalona, Cecilio
_ecoord.
700 1 _940841
_aAnchuelo Crego, Álvaro
775 0 _tLecciones de economía española
_w(ES-MaCES)51306
830 0 _aTratados y manuales de economía
_934006
902 _aLIB Libro
942 _2CES
_cBK
_h1.0.
999 _c52936
_d52936